[Event "POL-chT U26 rapid"]
[Site "Hucisko"]
[Date "2016.01.16"]
[Round "1.14"]
[White "Vorobets, Nikolay"]
[Black "Leniart, Arkadiusz"]
[Result "0-1"]
[WhiteElo "2003"]
[BlackElo "2484"]
[PlyCount "106"]
[EventDate "2016.01.16"]
[EventType "team-swiss (rapid)"]
[EventRounds "9"]
[EventCountry "POL"]
[SourceTitle "CBM 170 Extra"]
[Source "ChessBase"]
[SourceDate "2016.02.25"]
[SourceVersion "1"]
[SourceVersionDate "2016.02.25"]
[SourceQuality "1"]
[WhiteTeam "Lublin PL"]
[BlackTeam "Warsaw UW"]
[WhiteTeamCountry "POL"]
[BlackTeamCountry "POL"]

1. c4 e6 2. Nc3 d5 3. cxd5 exd5 4. d3 Nf6 5. g3 Be7 6. Bg2 0-0 7. Nf3 h6 8. 0-0 c5 9. d4 b6 10. b3 Be6 11. Bb2 Nbd7 12. Rc1 Rc8 13. e3 Ne4 14. Nxe4 dxe4 15. Ne5 Nxe5 16. dxe5 Qd5 17. Qe2 Rfd8 18. Rfd1 Qb7 19. Rxd8+ Rxd8 20. Rd1 Rxd1+ 21. Qxd1 a5 22. Qc2 Bd5 23. Bf1 Qc6 24. a4 Qe6 25. Bc4 Kf8 26. Qe2 g6 27. Kg2 h5 28. h4 Bd8 29. Bxd5 Qxd5 30. Qc4 Qd1 31. e6 Qf3+ 32. Kg1 fxe6 33. Qxe6 Qf5 34. Qd6+ Ke8 35. Qc6+ Kf7 36. Qb7+ Kf8 37. Bg7+ Ke8 38. Qc6+ Kf7 39. Bc3 Qe6 40. Qb7+ Be7 41. Qb8 Qd6 42. Qxd6 Bxd6 43. Kf1 Ke6 44. Ke2 Kd5 45. Kd2 Kc6 46. Kc2 Bc7 47. Bf6 b5 48. Kc3 bxa4 49. bxa4 Kd5 50. Bg7 Be5+ 51. Bxe5 Kxe5 52. Kc4 Kd6 53. Kc3 Kd5 0-1